Активные угли ДПУ для решения природоохранных задач; Химия и химическая технология в XXI веке

Bibliografiske detaljer
Parent link:Химия и химическая технология в XXI веке.— 2018.— [С. 445-446]
Hovedforfatter: Зенькова Е. В.
Institution som forfatter: Российский химико-технологический университет им. Д. И. Менделеева (РХТУ)
Andre forfattere: Рыжкова О. С. (научный руководитель), Клушин В. Н.
Summary:Заглавие с экрана
Sprog:russisk
Udgivet: 2018
Serier:Охрана окружающей среды и рациональное использование природных ресурсов
Fag:
Online adgang:http://earchive.tpu.ru/handle/11683/49886
Format: MixedMaterials Electronisk Book Chapter
KOHA link:https://koha.lib.tpu.ru/cgi-bin/koha/opac-detail.pl?biblionumber=627030

MARC

LEADER 00000naa2a2200000 4500
001 627030
005 20231101133436.0
035 |a (RuTPU)RU\TPU\conf\26712 
035 |a RU\TPU\conf\26707 
090 |a 627030 
100 |a 20180813d2018 k y0rusy50 ca 
101 0 |a rus 
102 |a RU 
105 |a y z 101zy 
135 |a drgn ---uucaa 
181 0 |a i  
182 0 |a b 
200 1 |a Активные угли ДПУ для решения природоохранных задач  |f Е. В. Зенькова, О. С. Рыжкова, В. Н. Клушин  |g науч. рук. В. Н. Клушин 
203 |a Текст  |c электронный 
225 1 |a Охрана окружающей среды и рациональное использование природных ресурсов 
230 |a 1 компьютерный файл (pdf; 693 Kb) 
300 |a Заглавие с экрана 
320 |a [Библиогр.: с. 446 (6 назв.)] 
463 0 |0 (RuTPU)RU\TPU\conf\26227  |t Химия и химическая технология в XXI веке  |o материалы XIX Международной научно-практической конференции студентов и молодых ученых имени профессора Л. П. Кулёва, 21-24 мая 2018 г., г. Томск  |f Национальный исследовательский Томский политехнический университет  |v [С. 445-446]  |d 2018 
610 1 |a электронный ресурс 
610 1 |a активные угли 
610 1 |a природоохрана 
610 1 |a твердые отходы 
610 1 |a коммунальные отходы 
610 1 |a сорбенты 
610 1 |a адсорбенты 
610 1 |a утилизация 
700 1 |a Зенькова  |b Е. В. 
701 1 |a Рыжкова  |b О. С. 
701 1 |a Клушин  |b В. Н. 
702 1 |a Клушин  |b В. Н.  |4 727 
712 0 2 |a Российский химико-технологический университет им. Д. И. Менделеева (РХТУ)  |c (Москва)  |2 stltpush  |3 (RuTPU)RU\TPU\col\55 
801 2 |a RU  |b 63413507  |c 20180821  |g RCR 
856 4 |u http://earchive.tpu.ru/handle/11683/49886 
942 |c BK